| 000 | 01099nam a2200337 a 4500 | ||
|---|---|---|---|
| 001 | 000025807 | ||
| 005 | 20200930024050.0 | ||
| 008 | 110217s1970 ve r 000 | spa d | ||
| 040 |
_aDO-SdBNP _bspa _cBNPHU |
||
| 082 |
_axxx _bR894m |
||
| 245 | 1 | 3 |
_aLa revolución surrealista : _ba través de André Breton / _cFernando Arrabal ... [et al.] ; versión castellana María Raquel Bengolea. |
| 260 |
_aCaracas : _bMonte Avila, _c1970. |
||
| 300 |
_a133 p. ; _c20 cm. |
||
| 490 | 1 | _aEstudios | |
| 700 | 1 |
_aArrabal, Fernando, _921673 |
|
| 700 | 1 |
_aBlanchot, Maurice , _952621 |
|
| 700 | 1 |
_aMasson, Andre, _952622 |
|
| 700 | 1 |
_aStarobinski, Jean, _952623 |
|
| 700 | 1 |
_aCaillois, Roger, _952624 |
|
| 700 | 1 |
_aPieyre de Mandiargues, Andre , _952625 |
|
| 700 | 1 |
_aQueneau, Raymond , _952626 |
|
| 700 | 1 |
_aRichard, Claude, _952627 |
|
| 700 | 1 |
_aBelaval, Yvon, _952628 |
|
| 700 | 1 |
_aPaulhan, Jean, _952629 |
|
| 700 | 1 |
_aGracq, Julien, _952630 |
|
| 700 | 1 |
_aLefébvre, Henri, _944705 |
|
| 700 | 1 |
_aEtiemble _952631 |
|
| 700 | 1 |
_aTarn, Nathaniel _952632 |
|
| 830 | 0 |
_aEstudios _93854 |
|
| 049 | _aBNGR | ||
| 999 |
_c25299 _d25299 |
||